| 000 | 00912cam a22002411 4500 | ||
|---|---|---|---|
| 001 | e 32000226 | ||
| 003 | DLC | ||
| 005 | 20260227111222.0 | ||
| 008 | 801210s1932 vaua s000 0 eng c | ||
| 010 | _ae 32000226 | ||
| 035 | _a(OCoLC)7021509 | ||
| 040 |
_aLibrary, U.S. Office of Education _cOAkU _dDLC |
||
| 042 | _apremarc | ||
| 050 | 0 | 0 |
_aLB1570 _b.V5 1932 |
| 110 | 1 |
_aVirginia. _bState Board of Education. |
|
| 245 | 1 | 0 |
_aOrganization for Virginia state curriculum program. _cSidney B. Hall, superintendent of public instruction. D. W. Peters, director of instruction. H. L. Caswell, curriculum adviser. |
| 260 |
_aRichmond, _bDivision of Purchasing and Printing, _c1932. |
||
| 300 |
_a26 p. _bdiagrs. _c23 cm. |
||
| 490 | 0 |
_aBulletin. _vv. 14, no. 5 |
|
| 650 | 0 |
_aEducation _xCurricula _zVirginia. |
|
| 650 | 0 |
_aEducation _zVirginia. |
|
| 740 | 0 | _aVirginia state curriculum program, Organization for. | |
| 999 |
_c21201 _d21201 |
||